00319nam a2200121Ia 4500008004100000100001700041245005300058260004100111300000900152650001400161942000700175999001500182190216s9999||||xx |||||||||||||| ||und|| aBahrgava R N 4aThe Theory And Working Of Union Finance In India bChaithanya Pub.House Allahabadc1971 a424p aEconomics cBK c9252d9252